000 00507nam a22001817a 4500
003 UA-OsUOA
001 13760
007 ta
008 20030621b un ||||| |||| 00| 0 ukr d
100 _aІльчук В.
942 _cSA
040 _aUA-OsUOA
_cUA-OsUOA
_dUA-OsUOA
245 _aМобільний зв'язок відтепер у Сарнах
300 _aС.18
955 _a0
773 0 _w0
_tОго
_dРівне
_d2003
_g№75/24 квіт./
650 7 _aЗв'язок мобільний
_2UDC
999 _c299921
_d299921